[Event "2. Bundesliga Ost 2018/2019"]
[Site "alle Wien"]
[Date "2018.11.04"]
[Round "4"]
[Board "2"]
[White "Nagy, Bence"]
[Black "Benkoe, Markus"]
[Result "1-0"]
[WhiteElo "2381"]
[BlackElo "2000"]
[PlyCount "83"]
[EventDate "2018.10.06"]
[EventType "team"]
[EventRounds "11"]
[EventCountry "AUT"]
[WhiteTeam "SK Austria"]
[BlackTeam "DeLaVie Oberwart - www.trink-vitamine.at"]

1. e4 d6 2. d4 g6 3. Nc3 Nf6 4. Be3 c6 5. Qd2 b5 6. f3 Nbd7 7. g4 Nb6 8. b3 Bb7
9. a4 b4 10. Nce2 e5 11. g5 Nh5 12. a5 Nd7 13. Qxb4 Rb8 14. Qd2 Bg7 15. a6 Ba8
16. Ng3 Nxg3 17. hxg3 d5 18. exd5 cxd5 19. Ne2 O-O 20. Bh3 Re8 21. O-O Qc7 22.
Bf2 Nf8 23. f4 exd4 24. Nxd4 Ne6 25. Bxe6 fxe6 26. Qa5 Qd7 27. Qa4 Qc7 28. Qa5
Qd7 29. Qa4 Qc7 30. Rae1 e5 31. fxe5 Rxe5 32. Ne6 Rxe6 33. Rxe6 Rf8 34. Re8 Bc6
35. Rxf8+ Bxf8 36. Qf4 Bd6 37. Qf6 Be5 38. Qe6+ Kg7 39. Bc5 Bb5 40. Bf8+ Kh8
41. Bh6 Bg7 42. Bxg7+  1-0

[Event "2. Bundesliga Ost 2018/2019"]
[Site "alle Wien"]
[Date "2018.11.04"]
[Round "4"]
[Board "3"]
[White "Ziegner, Markus"]
[Black "Hangweyrer, Manfred"]
[Result "0-1"]
[WhiteElo "2121"]
[BlackElo "2351"]
[PlyCount "64"]
[EventDate "2018.10.06"]
[EventType "team"]
[EventRounds "11"]
[EventCountry "AUT"]
[WhiteTeam "DeLaVie Oberwart - www.trink-vitamine.at"]
[BlackTeam "SK Austria"]

1. e4 c5 2. Nf3 Nc6 3. Bb5 g6 4. O-O Bg7 5. Bxc6 bxc6 6. Nc3 e5 7. d3 d6 8. h3
Ne7 9. Nh2 O-O 10. Bg5 h6 11. Bd2 f5 12. f4 exf4 13. Bxf4 d5 14. exf5 Nxf5 15.
Nf3 Qb6 16. Na4 Qb4 17. c4 dxc4 18. Bd2 Qb5 19. dxc4 Qxc4 20. Rc1 Qxa2 21. Rxc5
Be6 22. Qa1 Qxa1 23. Rxa1 Nd4 24. Bc3 Nxf3+ 25. gxf3 Bd5 26. Bxg7 Kxg7 27. Rc3
Bxf3 28. Nc5 Bd5 29. Nd7 Rfe8 30. Rca3 Re2 31. b4 Rg2+ 32. Kf1 Rb2  0-1

[Event "2. Bundesliga Ost 2018/2019"]
[Site "alle Wien"]
[Date "2018.11.04"]
[Round "4"]
[Board "4"]
[White "Sardy, Peter"]
[Black "Penker, Harald"]
[Result "1-0"]
[WhiteElo "2315"]
[BlackElo "2100"]
[PlyCount "105"]
[EventDate "2018.10.06"]
[EventType "team"]
[EventRounds "11"]
[EventCountry "AUT"]
[WhiteTeam "SK Austria"]
[BlackTeam "DeLaVie Oberwart - www.trink-vitamine.at"]

1. e4 c5 2. Nc3 Nc6 3. Bb5 d6 4. Bxc6+ bxc6 5. d3 g6 6. f4 Bg7 7. Nf3 e6 8. O-O
c4 9. dxc4 Ba6 10. Qd2 Bxc4 11. Re1 Ne7 12. b3 Ba6 13. Ba3 c5 14. Rad1 Qc7 15.
Na4 Rd8 16. e5 d5 17. Nxc5 Bc8 18. Na4 Bf8 19. Nd4 Bd7 20. Bd6 Qb7 21. Nc5 Qb6
22. a4 Nc6 23. Bxf8 Kxf8 24. Nxc6 Bxc6 25. Qd4 Kg7 26. b4 Rc8 27. c3 h5 28. a5
Qd8 29. g3 Bb5 30. Re3 Qe7 31. Rd2 Rc7 32. h3 a6 33. Rg2 Rcc8 34. Rf3 Rcg8 35.
Rgf2 Rc8 36. Rg2 Rh7 37. Kf2 Rhh8 38. Ke1 Rc7 39. Rff2 Rhc8 40. g4 Rxc5 41.
bxc5 Rxc5 42. f5 Qc7 43. fxe6 fxe6 44. gxh5 Rxc3 45. Rxg6+ Kh7 46. Rf7+ Qxf7
47. Qxc3 Qf1+ 48. Kd2 Qf4+ 49. Kc2 Bc4 50. Rf6 Qe4+ 51. Kc1 Qh1+ 52. Kb2 Qg2+
53. Qc2+  1-0

[Event "2. Bundesliga Ost 2018/2019"]
[Site "alle Wien"]
[Date "2018.11.04"]
[Round "4"]
[Board "5"]
[White "Hupfer, Georg"]
[Black "Druckenthaner, Andreas"]
[Result "0-1"]
[WhiteElo "1774"]
[BlackElo "2304"]
[PlyCount "64"]
[EventDate "2018.10.06"]
[EventType "team"]
[EventRounds "11"]
[EventCountry "AUT"]
[WhiteTeam "DeLaVie Oberwart - www.trink-vitamine.at"]
[BlackTeam "SK Austria"]

1. c4 b6 2. Nc3 Bb7 3. Nf3 Nf6 4. d3 g6 5. e4 d6 6. g3 Bg7 7. Bg2 O-O 8. O-O c5
9. Rb1 e6 10. Be3 d5 11. cxd5 exd5 12. exd5 Nxd5 13. Nxd5 Bxd5 14. b3 Nc6 15.
a3 a5 16. Qc2 Rc8 17. Rfd1 Qf6 18. Nd2 Bxg2 19. Kxg2 Ne5 20. Ne4 Qc6 21. d4
cxd4 22. Qxc6 Nxc6 23. Bf4 Ne7 24. Bd6 Rfe8 25. Bf4 Nf5 26. Ng5 h6 27. Nf3 Rc2
28. g4 Ne3+ 29. Bxe3 dxe3 30. Kg3 e2 31. Rd3 Rc3 32. Rd6 e1=Q  0-1

[Event "2. Bundesliga Ost 2018/2019"]
[Site "alle Wien"]
[Date "2018.11.04"]
[Round "4"]
[Board "6"]
[White "Iro, Christian"]
[Black "Heissenberger, Andreas"]
[Result "1-0"]
[WhiteElo "2045"]
[BlackElo "1211"]
[PlyCount "45"]
[EventDate "2018.10.06"]
[EventType "team"]
[EventRounds "11"]
[EventCountry "AUT"]
[WhiteTeam "SK Austria"]
[BlackTeam "DeLaVie Oberwart - www.trink-vitamine.at"]

1. e4 e5 2. Nf3 d6 3. d4 Bg4 4. dxe5 Bxf3 5. Qxf3 dxe5 6. Bc4 Nf6 7. Qb3 Qd7 8.
Qxb7 Nxe4 9. Qxa8 Qd4 10. Qxb8+ Kd7 11. Qb5+ Kd8 12. Qd5+ Qxd5 13. Bxd5 Bb4+
14. c3 Bxc3+ 15. Nxc3 Nxc3 16. bxc3 Ke7 17. Ba3+ Kf6 18. O-O Re8 19. Rae1 g5
20. h4 g4 21. f4 Kg7 22. fxe5 Kg6 23. Bxf7+  1-0

[Event "2. Bundesliga Ost 2018/2019"]
[Site "alle Wien"]
[Date "2018.11.04"]
[Round "4"]
[Board "1"]
[White "Jankovic, Alojzije"]
[Black "Stanec, Nikolaus"]
[Result "1-0"]
[WhiteElo "2543"]
[BlackElo "2473"]
[PlyCount "53"]
[EventDate "2018.10.06"]
[EventType "team"]
[EventRounds "11"]
[EventCountry "AUT"]
[WhiteTeam "SK Advisory Invest Baden"]
[BlackTeam "SC Donaustadt"]

1. d4 Nf6 2. c4 g6 3. Nf3 Bg7 4. g3 O-O 5. Bg2 d6 6. O-O Nbd7 7. Nc3 e5 8. e4
c6 9. h3 a6 10. Qc2 Re8 11. Rd1 Qc7 12. Be3 b5 13. dxe5 dxe5 14. cxb5 cxb5 15.
Rac1 Bb7 16. Qb3 Qa5 17. Ng5 Rf8 18. Nd5 Nxd5 19. exd5 Bh6 20. Ne6 Bxe3 21.
Qxe3 Rfc8 22. Rxc8+ Rxc8 23. Qh6 fxe6 24. dxe6 Nf6 25. Bxb7 Rf8 26. e7 Re8 27.
Rd6  1-0

[Event "2. Bundesliga Ost 2018/2019"]
[Site "alle Wien"]
[Date "2018.11.04"]
[Round "4"]
[Board "2"]
[White "Pingitzer, Harald"]
[Black "Rubil, Marko"]
[Result "1/2-1/2"]
[WhiteElo "2314"]
[BlackElo "2207"]
[PlyCount "87"]
[EventDate "2018.10.06"]
[EventType "team"]
[EventRounds "11"]
[EventCountry "AUT"]
[WhiteTeam "SC Donaustadt"]
[BlackTeam "SK Advisory Invest Baden"]

1. e4 e5 2. Nf3 Nc6 3. d4 exd4 4. Bc4 Bc5 5. c3 Nf6 6. cxd4 Bb4+ 7. Nc3 Nxe4 8.
O-O Bxc3 9. d5 Ne5 10. bxc3 Nxc4 11. Qd4 O-O 12. Qxe4 Nd6 13. Qf4 Ne8 14. Re1
d6 15. Qg3 Qd7 16. Rb1 Qf5 17. Rb4 Qxd5 18. Bg5 f6 19. Bf4 c5 20. Rbe4 Bf5 21.
Re7 Bg6 22. Nh4 Bf7 23. c4 Qxc4 24. Nf5 Bg6 25. Rxb7 Bxf5 26. Rxe8 Bg6 27. Ree7
Rf7 28. Rxf7 Bxf7 29. Bh6 g5 30. h3 Qe4 31. Rd7 Qg6 32. Qxd6 Re8 33. Qc7 c4 34.
f4 g4 35. hxg4 Qxg4 36. Re7 Qd1+ 37. Kf2 Qd2+ 38. Kg3 Qd3+ 39. Kf2 Qd4+ 40. Kg3
Qd3+ 41. Kf2 Qc2+ 42. Kg1 Qd1+ 43. Kf2 Qc2+ 44. Kg1  1/2-1/2

[Event "2. Bundesliga Ost 2018/2019"]
[Site "alle Wien"]
[Date "2018.11.04"]
[Round "4"]
[Board "3"]
[White "Sharashenidze, Akaki"]
[Black "Kummer, Helmut"]
[Result "1/2-1/2"]
[WhiteElo "2354"]
[BlackElo "2297"]
[PlyCount "109"]
[EventDate "2018.10.06"]
[EventType "team"]
[EventRounds "11"]
[EventCountry "AUT"]
[WhiteTeam "SK Advisory Invest Baden"]
[BlackTeam "SC Donaustadt"]

1. e4 e5 2. Nf3 Nc6 3. Bc4 Nf6 4. d3 Bc5 5. Nc3 d6 6. Bg5 Na5 7. Bb3 Nxb3 8.
axb3 h6 9. Be3 Bxe3 10. fxe3 c6 11. O-O O-O 12. Qe1 Qe7 13. Nh4 d5 14. Nf5 Bxf5
15. Rxf5 dxe4 16. dxe4 Ne8 17. Qg3 f6 18. Rf2 a6 19. Raf1 Rd8 20. Qg4 Qd7 21.
Qf3 Nd6 22. g4 Qe6 23. Ne2 Rf7 24. Ng3 Rfd7 25. h4 Nf7 26. Nf5 Rd2 27. Kg2
Rxf2+ 28. Rxf2 Rd7 29. Ng3 Rd6 30. Qf5 Qd7 31. Nh5 Rd2 32. Qxd7 Rxd7 33. Rxf6
Rd2+ 34. Rf2 Rd1 35. Rf1 Rd2+ 36. Rf2 Rd1 37. Ng3 g6 38. Rf1 Rd2+ 39. Rf2 Rd1
40. Nf1 Kg7 41. c3 Kf8 42. Nd2 Ke7 43. Nc4 Ke6 44. Rd2 Rxd2+ 45. Nxd2 Nd6 46.
Kf3 a5 47. Ke2 b6 48. Kd3 Ke7 49. Ke2 Ke6 50. Kf3 Kf6 51. Kf2 Ke6 52. Ke2 Kf6
53. Kf3 Ke6 54. Nf1 Kf6 55. Nd2  1/2-1/2

[Event "2. Bundesliga Ost 2018/2019"]
[Site "alle Wien"]
[Date "2018.11.04"]
[Round "4"]
[Board "5"]
[White "Dzierzenga, Stefan"]
[Black "Hechl, Fabian"]
[Result "1-0"]
[WhiteElo "2212"]
[BlackElo "1986"]
[PlyCount "89"]
[EventDate "2018.10.06"]
[EventType "team"]
[EventRounds "11"]
[EventCountry "AUT"]
[WhiteTeam "SK Advisory Invest Baden"]
[BlackTeam "SC Donaustadt"]

1. e4 e5 2. Nf3 d6 3. d4 exd4 4. Nxd4 Nf6 5. Nc3 Be7 6. g3 O-O 7. Bg2 Re8 8.
O-O Bf8 9. b3 c5 10. Nde2 Bd7 11. Nf4 Bc6 12. Nfd5 Nbd7 13. Re1 g6 14. Bb2 Bg7
15. Qd3 Ne5 16. Qd2 Bxd5 17. Nxd5 Qd7 18. Bxe5 Rxe5 19. Nxf6+ Bxf6 20. Rad1 Rd8
21. f4 Re7 22. Kh1 Bg7 23. Re3 Qe6 24. Rd3 Red7 25. h4 c4 26. Rd5 Rc7 27. b4
Rc6 28. b5 Rb6 29. a4 Qd7 30. Qb4 a6 31. Qxc4 Rc8 32. Qe2 axb5 33. axb5 Qc7 34.
Qf2 Ra8 35. e5 Ra2 36. exd6 Qd8 37. Qc5 Ra5 38. c4 Rc6 39. bxc6 Rxc5 40. Rxc5
bxc6 41. Rxc6 Qd7 42. Rc7 Qg4 43. Rd3 Qe2 44. Rc8+ Bf8 45. d7  1-0

[Event "2. Bundesliga Ost 2018/2019"]
[Site "alle Wien"]
[Date "2018.11.04"]
[Round "4"]
[Board "6"]
[White "Grzywacz, Phillip"]
[Black "Zojer, Stefan"]
[Result "0-1"]
[WhiteElo "1821"]
[BlackElo "2125"]
[PlyCount "40"]
[EventDate "2018.10.06"]
[EventType "team"]
[EventRounds "11"]
[EventCountry "AUT"]
[WhiteTeam "SC Donaustadt"]
[BlackTeam "SK Advisory Invest Baden"]

1. e4 e5 2. Nf3 Nc6 3. Bc4 Bc5 4. c3 Nf6 5. d3 a6 6. a4 O-O 7. O-O d5 8. exd5
Nxd5 9. Re1 Be6 10. Nxe5 Bxf2+ 11. Kxf2 Nxe5 12. Bxd5 Bxd5 13. Kg1 Qf6 14. d4
Qg6 15. Re2 Nf3+ 16. Kh1 Rae8 17. Nd2 Nh4 18. h3 Bxg2+ 19. Kh2 Nf3+ 20. Nxf3
Bxf3  0-1

[Event "2. Bundesliga Ost 2018/2019"]
[Site "alle Wien"]
[Date "2018.12.01"]
[Round "5"]
[Board "1"]
[White "Stanec, Nikolaus"]
[Black "Horvath, Dominik"]
[Result "1/2-1/2"]
[WhiteElo "2473"]
[BlackElo "2447"]
[PlyCount "48"]
[EventDate "2018.10.06"]
[EventType "team"]
[EventRounds "11"]
[EventCountry "AUT"]
[WhiteTeam "SC Donaustadt"]
[BlackTeam "ASVOE Pamhagen"]

1. d4 Nf6 2. Nf3 d5 3. e3 e6 4. Bd3 c5 5. c3 Nc6 6. Nbd2 Bd6 7. O-O O-O 8. dxc5
Bxc5 9. e4 Qc7 10. exd5 exd5 11. Nb3 Bb6 12. Bg5 Ne4 13. Bxe4 dxe4 14. Nfd4 Ne5
15. Bf4 Nf3+ 16. Qxf3 exf3 17. Bxc7 fxg2 18. Rfe1 Bxc7 19. Nb5 Bb6 20. Nd6 Be6
21. Nxb7 Rab8 22. Nd6 Rfd8 23. Rad1 a5 24. Ne4 h6  1/2-1/2

[Event "2. Bundesliga Ost 2018/2019"]
[Site "alle Wien"]
[Date "2018.12.01"]
[Round "5"]
[Board "2"]
[White "Lipka, Juraj"]
[Black "Pingitzer, Harald"]
[Result "1/2-1/2"]
[WhiteElo "2426"]
[BlackElo "2314"]
[PlyCount "63"]
[EventDate "2018.10.06"]
[EventType "team"]
[EventRounds "11"]
[EventCountry "AUT"]
[WhiteTeam "ASVOE Pamhagen"]
[BlackTeam "SC Donaustadt"]

1. d4 d5 2. c4 c6 3. cxd5 cxd5 4. Nc3 Nf6 5. Bf4 Nc6 6. e3 Bf5 7. Qb3 Na5 8.
Bb5+ Bd7 9. Qa4 e6 10. Nf3 a6 11. Bxd7+ Nxd7 12. O-O b5 13. Qd1 Be7 14. Rc1 Rc8
15. Nb1 O-O 16. Rxc8 Qxc8 17. b3 Qb7 18. Qd2 Nc6 19. Rc1 Rc8 20. Ne1 Bb4 21.
Qd1 Bxe1 22. Qxe1 Nb4 23. Rxc8+ Qxc8 24. Qc3 Qxc3 25. Nxc3 f6 26. Bd6 Nc6 27.
Kf1 Kf7 28. Ke2 e5 29. dxe5 fxe5 30. e4 dxe4 31. Nxe4 Ke6 32. Ba3  1/2-1/2

[Event "2. Bundesliga Ost 2018/2019"]
[Site "alle Wien"]
[Date "2018.12.01"]
[Round "5"]
[Board "3"]
[White "Kummer, Helmut"]
[Black "Vitouch, Anatol"]
[Result "0-1"]
[WhiteElo "2297"]
[BlackElo "2319"]
[PlyCount "120"]
[EventDate "2018.10.06"]
[EventType "team"]
[EventRounds "11"]
[EventCountry "AUT"]
[WhiteTeam "SC Donaustadt"]
[BlackTeam "ASVOE Pamhagen"]

1. d4 e6 2. c4 d5 3. Nc3 Nf6 4. Bg5 Be7 5. e3 Nbd7 6. Nf3 h6 7. Bh4 O-O 8. Rc1
c5 9. dxc5 dxc4 10. c6 bxc6 11. Bxc4 Qb6 12. Qe2 Bb7 13. O-O c5 14. e4 Rfe8 15.
Bb5 Bc6 16. Bxc6 Qxc6 17. Rfd1 Rab8 18. Rd2 Rb4 19. Re1 Bf8 20. h3 Reb8 21. Bg3
R8b7 22. b3 c4 23. Nd4 Qc8 24. Rc2 Bc5 25. Nf3 cxb3 26. axb3 Rxb3 27. Na4 Qf8
28. Ne5 Bd4 29. Nc6 Rxg3 30. Nxd4 Ra3 31. Nc3 Nc5 32. e5 Nfd7 33. Ncb5 Ra4 34.
Qd1 Rb6 35. f4 Rb4 36. Nxa7 Qa8 37. Ra2 Qd5 38. Rd2 Qb7 39. Nac6 Rxc6 40. Nxc6
Qxc6 41. Rd4 Rxd4 42. Qxd4 Qd5 43. Qxd5 exd5 44. Rd1 Nb6 45. Kf2 g6 46. g4 Ne6
47. Kf3 Kf8 48. h4 Ke7 49. Rb1 Nd7 50. Rb7 Nec5 51. Rc7 d4 52. Rc6 Ne6 53. Ra6
g5 54. fxg5 hxg5 55. h5 Nxe5+ 56. Kg3 d3 57. Ra2 Nc5 58. h6 d2 59. h7 Ng6 60.
Ra7+ Kf6  0-1

[Event "2. Bundesliga Ost 2018/2019"]
[Site "alle Wien"]
[Date "2018.12.01"]
[Round "5"]
[Board "4"]
[White "Alvir, Aco"]
[Black "Schwab, Lukas"]
[Result "1-0"]
[WhiteElo "2303"]
[BlackElo "2190"]
[PlyCount "175"]
[EventDate "2018.10.06"]
[EventType "team"]
[EventRounds "11"]
[EventCountry "AUT"]
[WhiteTeam "ASVOE Pamhagen"]
[BlackTeam "SC Donaustadt"]

1. e4 e5 2. Nf3 Nc6 3. Bc4 Bc5 4. c3 Nf6 5. d4 exd4 6. e5 d5 7. Bb5 Ne4 8. cxd4
Bb6 9. Be3 O-O 10. Nc3 Bf5 11. O-O Ne7 12. Nh4 Be6 13. Ne2 c5 14. f3 cxd4 15.
Nxd4 Nc5 16. b4 Nd7 17. f4 Nc6 18. Bxc6 bxc6 19. Qh5 Bxd4 20. Bxd4 f6 21. Nf3
fxe5 22. Ng5 Bf5 23. fxe5 Bg6 24. Qg4 Qe7 25. Qe6+ Qxe6 26. Nxe6 Rxf1+ 27. Rxf1
Re8 28. Nxg7 Kxg7 29. e6+ Kg8 30. exd7 Rd8 31. Rf6 Rxd7 32. Rxc6 Rb7 33. a3 Bd3
34. h4 a6 35. Rd6 Bc4 36. Bf6 Rb8 37. Bd8 Rb7 38. Kh2 Kg7 39. g4 Rf7 40. h5 Rf3
41. g5 Rxa3 42. Rd7+ Kg8 43. Bf6 Bd3 44. Rxd5 Kf7 45. Re5 Rb3 46. Re7+ Kf8 47.
Rd7 Bf5 48. Ra7 Rh3+ 49. Kg1 Rxh5 50. Rxa6 Rh3 51. Be5 Ke7 52. Rc6 Rb3 53. Bc3
Kd7 54. Rc5 Bg6 55. Kf2 Rb1 56. Ke3 Rd1 57. Bd2 Rf1 58. Kd4 Rf5 59. Rc1 Rb5 60.
Rf1 Rf5 61. Rc1 Rb5 62. Ra1 Kc6 63. Ra6+ Rb6 64. Ra8 Kb7 65. Rd8 Rc6 66. Rd5
Rc2 67. Be3 Rc6 68. Re5 Rd6+ 69. Kc4 Bd3+ 70. Kc3 Bg6 71. b5 Rd7 72. Kb4 Rf7
73. Re6 Rd7 74. Ka5 Bd3 75. Bf4 Rf7 76. Rb6+ Ka7 77. Be3 Ka8 78. Rd6 Be4 79.
Ka6 Bb7+ 80. Kb6 Rf8 81. Rd4 Bf3 82. Ra4+ Kb8 83. Rc4 Bd1 84. Rd4 Bc2 85. Rc4
Bd1 86. Bf4+ Ka8 87. Rc7 Rb8+ 88. Ka6  1-0

[Event "2. Bundesliga Ost 2018/2019"]
[Site "alle Wien"]
[Date "2018.12.01"]
[Round "5"]
[Board "5"]
[White "Kropik, Martin"]
[Black "Rueckschloss, Karol"]
[Result "0-1"]
[WhiteElo "2098"]
[BlackElo "2253"]
[PlyCount "64"]
[EventDate "2018.10.06"]
[EventType "team"]
[EventRounds "11"]
[EventCountry "AUT"]
[WhiteTeam "SC Donaustadt"]
[BlackTeam "ASVOE Pamhagen"]

1. d4 f5 2. c4 g6 3. Nc3 Nf6 4. e4 fxe4 5. h4 d6 6. h5 gxh5 7. Nxe4 Bg4 8.
Nxf6+ exf6 9. Be2 Qd7 10. Qb3 Nc6 11. Be3 O-O-O 12. f3 Bf5 13. Rxh5 Re8 14.
O-O-O Bg6 15. Rb5 a6 16. Rd5 Bf7 17. Kb1 h5 18. Rc1 Bh6 19. Bxh6 Bxd5 20. cxd5
Nxd4 21. Qd3 Nxe2 22. Nxe2 Rxh6 23. Nf4 Qh7 24. Kc2 Re5 25. Qxh7 Rxh7 26. Kd3
Kd7 27. Rh1 Rf5 28. Ke4 Rg5 29. g4 Re7+ 30. Ne6 hxg4 31. f4 f5+ 32. Kd4 Rg8  0-1

[Event "2. Bundesliga Ost 2018/2019"]
[Site "alle Wien"]
[Date "2018.12.01"]
[Round "5"]
[Board "6"]
[White "Kuthan, Andreas"]
[Black "Hofbauer, Peter"]
[Result "1-0"]
[WhiteElo "2186"]
[BlackElo "2072"]
[PlyCount "59"]
[EventDate "2018.10.06"]
[EventType "team"]
[EventRounds "11"]
[EventCountry "AUT"]
[WhiteTeam "ASVOE Pamhagen"]
[BlackTeam "SC Donaustadt"]

1. e4 Nf6 2. e5 Nd5 3. d4 d6 4. Nf3 Bg4 5. Be2 e6 6. h3 Bh5 7. c4 Nb6 8. exd6
cxd6 9. Nc3 Be7 10. d5 O-O 11. dxe6 fxe6 12. Nd4 Bf7 13. O-O Nc6 14. Be3 d5 15.
cxd5 exd5 16. b3 Bf6 17. Rc1 Qe7 18. Ncb5 Rac8 19. Nxc6 bxc6 20. Bc5 Qd7 21.
Bg4 Be6 22. Bxe6+ Qxe6 23. Nxa7 Nd7 24. Bxf8 Rxf8 25. Rxc6 Qf7 26. Rc7 Be5 27.
Rb7 Qe6 28. Re1 Nc5 29. Rb5 Qd6 30. Rxe5  1-0

[Event "2. Bundesliga Ost 2018/2019"]
[Site "alle Wien"]
[Date "2018.12.01"]
[Round "5"]
[Board "1"]
[White "Mazur, Stefan"]
[Black "Jankovic, Alojzije"]
[Result "1/2-1/2"]
[WhiteElo "2407"]
[BlackElo "2543"]
[PlyCount "62"]
[EventDate "2018.10.06"]
[EventType "team"]
[EventRounds "11"]
[EventCountry "AUT"]
[WhiteTeam "SK Austria"]
[BlackTeam "SK Advisory Invest Baden"]

1. e4 c5 2. Nf3 e6 3. d4 cxd4 4. Nxd4 Nc6 5. Nc3 d6 6. Be3 Nge7 7. Be2 Nxd4 8.
Qxd4 Nc6 9. Qd2 Be7 10. O-O O-O 11. Rfd1 a6 12. Na4 b5 13. Nb6 Rb8 14. Nxc8
Qxc8 15. c4 b4 16. Qc2 Ne5 17. Rac1 Nd7 18. c5 dxc5 19. Bxa6 Qxa6 20. Rxd7 Bf6
21. b3 Rbc8 22. Qd1 c4 23. Ra7 Qb5 24. bxc4 Rxc4 25. Rxc4 Qxc4 26. Qf3 Bd4 27.
Rb7 Qxa2 28. g3 Bxe3 29. Qxe3 Qc4 30. Qe1 b3 31. Qb4 Qxb4  1/2-1/2

[Event "2. Bundesliga Ost 2018/2019"]
[Site "alle Wien"]
[Date "2018.12.01"]
[Round "5"]
[Board "2"]
[White "Rubil, Marko"]
[Black "Nagy, Bence"]
[Result "0-1"]
[WhiteElo "2207"]
[BlackElo "2381"]
[PlyCount "76"]
[EventDate "2018.10.06"]
[EventType "team"]
[EventRounds "11"]
[EventCountry "AUT"]
[WhiteTeam "SK Advisory Invest Baden"]
[BlackTeam "SK Austria"]

1. e4 c5 2. Nf3 d6 3. d4 cxd4 4. Nxd4 Nf6 5. Nc3 a6 6. f3 e5 7. Nb3 Be6 8. Be3
h5 9. Qd2 Nbd7 10. O-O-O Rc8 11. Kb1 Be7 12. Rg1 b5 13. Nd5 Bxd5 14. exd5 Nb6
15. Bxb6 Qxb6 16. Bd3 g6 17. Rge1 Kf8 18. f4 Nd7 19. Rf1 f5 20. fxe5 dxe5 21.
Na5 Bf6 22. Nc6 e4 23. Bxe4 fxe4 24. Qb4+ Kg7 25. Rxf6 Nxf6 26. Qe7+ Kh6 27.
Qxf6 Rhf8 28. Qe5 Rce8 29. Ne7 Qc5 30. Nf5+ gxf5 31. Qf4+ Kh7 32. Qg5 Qd6 33.
Qxh5+ Qh6 34. Qe2 f4 35. d6 f3 36. gxf3 exf3 37. Qd3+ Qg6 38. Qd4 f2  0-1

[Event "2. Bundesliga Ost 2018/2019"]
[Site "alle Wien"]
[Date "2018.12.01"]
[Round "5"]
[Board "3"]
[White "Hangweyrer, Manfred"]
[Black "Juenger, Heinz"]
[Result "1/2-1/2"]
[WhiteElo "2351"]
[BlackElo "2141"]
[PlyCount "63"]
[EventDate "2018.10.06"]
[EventType "team"]
[EventRounds "11"]
[EventCountry "AUT"]
[WhiteTeam "SK Austria"]
[BlackTeam "SK Advisory Invest Baden"]

1. Nf3 Nf6 2. g3 g6 3. Bg2 Bg7 4. O-O O-O 5. c4 d5 6. cxd5 Nxd5 7. Nc3 Nb6 8.
d3 Nc6 9. Bg5 h6 10. Bd2 e5 11. Rb1 Re8 12. b4 Nd4 13. a4 c6 14. b5 Kh7 15. Re1
Re7 16. a5 Nxf3+ 17. Bxf3 Nd5 18. a6 Nxc3 19. Bxc3 Qe8 20. Bb4 Re6 21. Qc2 Rb8
22. Rec1 e4 23. Bxe4 cxb5 24. Bc3 Bxc3 25. Qxc3 Rxa6 26. Qc7 Be6 27. Bxb7 Ra2
28. e3 Qd8 29. Qxd8 Rxd8 30. d4 Bc4 31. Bc6 a6 32. h4  1/2-1/2

[Event "2. Bundesliga Ost 2018/2019"]
[Site "alle Wien"]
[Date "2018.12.01"]
[Round "5"]
[Board "4"]
[White "Hofegger, Jakob"]
[Black "Macko, Miroslav"]
[Result "1/2-1/2"]
[WhiteElo "2128"]
[BlackElo "2294"]
[PlyCount "91"]
[EventDate "2018.10.06"]
[EventType "team"]
[EventRounds "11"]
[EventCountry "AUT"]
[WhiteTeam "SK Advisory Invest Baden"]
[BlackTeam "SK Austria"]

1. Nf3 d5 2. g3 Nf6 3. Bg2 Bg4 4. O-O Nbd7 5. d3 e6 6. Nbd2 Be7 7. Qe1 O-O 8.
e4 h6 9. b3 c6 10. Bb2 Qc7 11. h3 dxe4 12. dxe4 Bh5 13. Qe2 a5 14. a4 Rfd8 15.
Rad1 Rab8 16. g4 Bg6 17. Nd4 Bc5 18. Nc4 b5 19. axb5 cxb5 20. Na3 b4 21. Nc4
Rbc8 22. Kh1 a4 23. Nb5 Qb8 24. bxa4 Nb6 25. Nxb6 Bxb6 26. Rxd8+ Rxd8 27. f4
Bh7 28. f5 Qg3 29. Qe1 Qxe1 30. Rxe1 Rd2 31. Bxf6 gxf6 32. Rb1 Rxc2 33. Rxb4
Rc1+ 34. Kh2 Be3 35. Kg3 h5 36. Rb3 Bd2 37. Ra3 Be1+ 38. Kf3 Rc2 39. Bh1 Rf2+
40. Ke3 Rh2 41. Bf3 Rxh3 42. fxe6 Bb4 43. exf7+ Kxf7 44. Rb3 hxg4 45. Rxb4
Rxf3+ 46. Ke2  1/2-1/2

[Event "2. Bundesliga Ost 2018/2019"]
[Site "alle Wien"]
[Date "2018.12.01"]
[Round "5"]
[Board "5"]
[White "Druckenthaner, Andreas"]
[Black "Herndlbauer, Martin"]
[Result "1-0"]
[WhiteElo "2304"]
[BlackElo "2058"]
[PlyCount "79"]
[EventDate "2018.10.06"]
[EventType "team"]
[EventRounds "11"]
[EventCountry "AUT"]
[WhiteTeam "SK Austria"]
[BlackTeam "SK Advisory Invest Baden"]

1. b3 d5 2. Bb2 Nf6 3. Nf3 c5 4. e3 Nc6 5. Bb5 Bg4 6. h3 Bd7 7. O-O a6 8. Be2
Qc7 9. c4 e5 10. d4 cxd4 11. exd4 e4 12. Ne5 Be6 13. Nc3 Nxd4 14. Qxd4 Bc5 15.
Qd2 Qxe5 16. Nxd5 Qg3 17. Bd4 Bxd4 18. Qxd4 Qb8 19. Nxf6+ gxf6 20. Qxe4 O-O 21.
Bd3 f5 22. Qf3 Qe5 23. Rfe1 Qf6 24. Qxb7 Rad8 25. Qf3 Kh8 26. Rad1 Rg8 27. Qf4
Rg7 28. Be2 Rdg8 29. Bf3 h5 30. Qe5 Qh6 31. Rd4 Kh7 32. Qf4 Rxg2+ 33. Bxg2 Qg7
34. Kf1 Qxg2+ 35. Ke2 a5 36. Rd3 Re8 37. Kd2 Qb7 38. Qg5 Qb4+ 39. Kd1 Bd7 40.
Qxh5+  1-0

[Event "2. Bundesliga Ost 2018/2019"]
[Site "alle Wien"]
[Date "2018.12.01"]
[Round "5"]
[Board "6"]
[White "Spalt, Bernhard"]
[Black "Theissl-Pokorna, Regina"]
[Result "0-1"]
[WhiteElo "1963"]
[BlackElo "2306"]
[PlyCount "92"]
[EventDate "2018.10.06"]
[EventType "team"]
[EventRounds "11"]
[EventCountry "AUT"]
[WhiteTeam "SK Advisory Invest Baden"]
[BlackTeam "SK Austria"]

1. c4 e6 2. Nf3 d5 3. g3 Nf6 4. Bg2 dxc4 5. O-O Be7 6. Na3 c5 7. Nxc4 Nc6 8. b3
O-O 9. Bb2 Nd5 10. d4 cxd4 11. Nxd4 Nxd4 12. Bxd4 b5 13. Ne5 Bb7 14. e3 a6 15.
Qe2 f6 16. Nd3 e5 17. Bc5 Bxc5 18. Nxc5 Nc3 19. Qg4 Bxg2 20. Qe6+ Kh8 21. Kxg2
Re8 22. Qd7 Qxd7 23. Nxd7 Red8 24. Nc5 a5 25. a3 h5 26. b4 axb4 27. axb4 Rxa1
28. Rxa1 Rd2 29. Rc1 Nd5 30. Kf3 Rb2 31. Nd3 Rb3 32. Ke2 Nxb4 33. Nxb4 Rxb4 34.
Rc8+ Kh7 35. Rb8 e4 36. h4 Kg6 37. Rb7 Rb2+ 38. Ke1 b4 39. Rb5 Rb1+ 40. Ke2 b3
41. Kd2 Rb2+ 42. Ke1 Rb1+ 43. Ke2 b2 44. Rb6 Kf5 45. Rb4 g6 46. Rb5+ Kg4  0-1